Communication skills in medicine. (Record no. 8081)

MARC details
000 -LEADER
fixed length control field 00539nam a22001937a 4500
003 - CONTROL NUMBER IDENTIFIER
control field OSt
005 - DATE AND TIME OF LATEST TRANSACTION
control field 20230301115724.0
008 - FIXED-LENGTH DATA ELEMENTS--GENERAL INFORMATION
fixed length control field 230301b ||||| |||| 00| 0 eng d
020 ## - INTERNATIONAL STANDARD BOOK NUMBER
International Standard Book Number 072791152x
040 ## - CATALOGING SOURCE
Transcribing agency MUST
082 ## - DEWEY DECIMAL CLASSIFICATION NUMBER
Classification number W50c73 1997
100 ## - MAIN ENTRY--PERSONAL NAME
Personal name Edited by charles RK hind;
9 (RLIN) 16458
245 ## - TITLE STATEMENT
Title Communication skills in medicine.
Statement of responsibility, etc. Edited by Charles ,RK hind;
260 ## - PUBLICATION, DISTRIBUTION, ETC. (IMPRINT)
Place of publication, distribution, etc. London.
Name of publisher, distributor, etc. BMJ Publishing Group;
Date of publication, distribution, etc. 1997
300 ## - PHYSICAL DESCRIPTION
Extent xiii,161p;
Other physical details ill;
Dimensions 24cm.
504 ## - BIBLIOGRAPHY, ETC. NOTE
Bibliography, etc includes index<br/>
650 ## - SUBJECT ADDED ENTRY--TOPICAL TERM
Topical term or geographic name as entry element Medicine
9 (RLIN) 324
942 ## - ADDED ENTRY ELEMENTS (KOHA)
Source of classification or shelving scheme Other/Generic Classification Scheme
Koha item type Open Shelf
Holdings
Withdrawn status Lost status Source of classification or shelving scheme Damaged status Not for loan Home library Current library Date acquired Source of acquisition Inventory number Total Checkouts Full call number Barcode Date last seen Price effective from Koha item type
    Other/Generic Classification Scheme     MUST Main Library MUST Main Library 01/03/2023 Donation 03/18297   W50c73 1997 2023-0260 01/03/2023 01/03/2023 Open Shelf
    Other/Generic Classification Scheme     MUST Main Library MUST Main Library 01/03/2023 Donation 03/18182   W50c73 1997 2023-0261 01/03/2023 01/03/2023 Open Shelf
    Other/Generic Classification Scheme     MUST Main Library MUST Main Library 01/03/2023 Donation 03/18183   W50c73 1997 2023-0262 01/03/2023 01/03/2023 Open Shelf